000 00581nam a2200217Ia 4500
003 OSt
005 20230327115737.0
008 210423s2008 xx 000 0 und d
020 _a100070668191
040 _cAL
041 _aeng
082 _a657.3 PENS
100 _aPENMAN (Stephen H).
_978354
245 _aFinancial statement analysis and security valuation.
250 _a3
260 _aNew Delhi
_bTata McGraw-hill
_c2008
300 _axxii,776
_bPB
365 _b425
_cINR
906 _aanalysis ; Financial ; security ; statement ; valuation.
942 _2ddc
_cBK
999 _c156114
_d156114